Statystyki dla Wszystkie wygrane mecze Andory

Kliknij tutaj aby rozwiązać quiz!

Ogólne statystyki

  • Ten quiz został rozwiązany 51 razy
  • Średni wynik to 8 z 13

Statystyki odpowiedzi

RokWynikReprezentacja% Poprawnych
20172-0San Marino
100%
20212-0San Marino
100%
20213-0San Marino
100%
20181-0Liechtenstein
90%
20222-1Liechtenstein
90%
20222-0Liechtenstein
76%
20191-0Mołdawia
62%
20022-0Albania
40%
20002-0Białoruś
34%
20041-0Macedonia Północna
28%
20171-0Węgry
26%
20221-0Grenada
8%
20221-0Saint Kitts i Nevis
8%

Rozkład punktacji

Percentyl według liczby udzielonych odpowiedzi

Procent ludzi z każdym wynikiem

Twoja historia wyników

Nie rozwiązałeś tego quizu